The three spinners

Bibliographic Details
Main Author: Sheera Neol
Format: Book
Published: Kuala Lumpur : Good Book Publisher , 2007
Series:Step into English
Subjects:

MARC

LEADER 00000cam a2200000 7i4500
001 0000000162
005 20151222.0
008 070628
020 |a 9831280938 
090 0 0 |a JF   |b ENG (227) 
100 1 |a Sheera Neol 
245 1 4 |a The three spinners   |c Sheera Neol 
260 |a Kuala Lumpur :   |b Good Book Publisher ,   |c 2007 
440 |a Step into English 
500 |a Children ages 7-9 years old (orange) 
650 0 |a English fiction 
999 |a 0000877864   |b Book   |c Children Collection   |e Cawangan Tmn. Ungku Tun Aminah 
999 |a 0000954559   |b Book   |c Children Collection   |e Perbadanan Perpustakaan Awam Johor 
999 |a 0000954560   |b Book   |c Children Collection   |e Perbadanan Perpustakaan Awam Johor 
999 |a 0000954561   |b Book   |c Children Collection   |e Cawangan Segamat 
999 |a 0000954562   |b Book   |c Children Collection   |e Perbadanan Perpustakaan Awam Johor 
999 |a 0000954563   |b Book   |c Children Collection   |e Perbadanan Perpustakaan Awam Johor 
999 |a 0000962899   |b Book   |c Children Collection   |e Cawangan Tangkak 
999 |a 0000962901   |b Book   |c Children Collection   |e Cawangan Bandar Penawar 
999 |a 0000962902   |b Book   |c Children Collection   |e Cawangan Tmn. Ungku Tun Aminah 
999 |a 0001077897   |b Book   |c Children Collection   |e Cawangan Kota Tinggi 
999 |a 0001077918   |b Book   |c Children Collection   |e Cawangan Segamat 
999 |a 0001089698   |b Book   |c Children Collection   |e Cawangan Mersing 
999 |a 0001089706   |b Book   |c Children Collection   |e Cawangan Pontian 
999 |a 0001089721   |b Book   |c Children Collection   |e Cawangan Bandar Penawar 
999 |a 0001089730   |b Book   |c Children Collection   |e Cawangan Bandar Penawar 
999 |a 0001089753   |b Book   |c Children Collection   |e Cawangan Pontian 
999 |a 0001089762   |b Book   |c Children Collection   |e Cawangan Mersing 
999 |a 0001089770   |b Book   |c Children Collection   |e Cawangan Tangkak 
999 |a 0001089778   |b Book   |c Children Collection   |e Cawangan Segamat 
999 |a 0001089807   |b Book   |c Children Collection   |e Cawangan Taman Universiti 
999 |a 0001089825   |b Book   |c Children Collection   |e Cawangan Kota Tinggi 
999 |a 0001089841   |b Book   |c Children Collection   |e Cawangan Segamat 
999 |a 0001089860   |b Book   |c Children Collection   |e Cawangan Tangkak 
999 |a 0001089874   |b Book   |c Children Collection   |e Cawangan Segamat 
999 |a 0001089922   |b Book   |c Children Collection   |e Cawangan Taman Universiti 
999 |a 0001089945   |b Book   |c Children Collection   |e Cawangan Mersing 
999 |a 0001089953   |b Book   |c Children Collection   |e Cawangan Pontian 
999 |a 0001089966   |b Book   |c Children Collection   |e Cawangan Bandar Penawar 
999 |a 0001089978   |b Book   |c Children Collection   |e Cawangan Bandar Penawar 
999 |a 0001089997   |b Book   |c Children Collection   |e Cawangan Kota Tinggi 
999 |a 0001090009   |b Book   |c Children Collection   |e Cawangan Taman Universiti 
999 |a 0001090024   |b Book   |c Children Collection   |e Cawangan Tangkak 
999 |a 0001090033   |b Book   |c Children Collection   |e Cawangan Bukit Gambir 
999 |a 0001090058   |b Book   |c Children Collection   |e Cawangan Mersing 
999 |a 0001090065   |b Book   |c Children Collection   |e Cawangan Pontian 
999 |a 0001090083   |b Book   |c Children Collection   |e Cawangan Kota Tinggi 
999 |a 0001090089   |b Book   |c Children Collection   |e Cawangan Bandar Penawar 
999 |a 0001090098   |b Book   |c Children Collection   |e Cawangan Pontian 
999 |a 0001090105   |b Book   |c Children Collection   |e Cawangan Bandar Tenggara